|
|
|
|
| LEADER |
02971njm a2200757 i 4500 |
| 001 |
001607703 |
| 003 |
CZ BrMZK |
| 005 |
20180103092417.0 |
| 007 |
sd fungnnmmned |
| 008 |
171207t20172017xr ||nne f n cze |
| 015 |
|
|
|a cnb002944349
|
| 024 |
3 |
|
|a 8594050423688
|
| 028 |
0 |
1 |
|a 859-405042-368-8
|b CPress
|
| 040 |
|
|
|a BOA001
|b cze
|e rda
|
| 041 |
1 |
|
|d cze
|h eng
|
| 043 |
|
|
|a n-us---
|
| 045 |
|
|
|a x7y1
|
| 072 |
|
7 |
|a 355/359
|x Vojenství. Obrana země. Ozbrojené síly
|2 Konspekt
|9 15
|
| 072 |
|
7 |
|a 929
|x Biografie
|2 Konspekt
|9 8
|
| 080 |
|
|
|a 356.164
|2 MRF
|
| 080 |
|
|
|a 355.091/.095
|2 MRF
|
| 080 |
|
|
|a 929
|2 MRF
|
| 080 |
|
|
|a 359
|2 MRF
|
| 080 |
|
|
|a 355.318
|2 MRF
|
| 080 |
|
|
|a 355.48(567)"2003/2011"
|2 MRF
|
| 080 |
|
|
|a (73)
|2 MRF
|
| 080 |
|
|
|a (092)
|2 MRF
|
| 080 |
|
|
|a (086.7)08
|2 MRF
|
| 080 |
|
|
|a (086.76)
|2 MRF
|
| 100 |
1 |
|
|a Kyle, Chris,
|d 1974-2013
|7 hka2012730100
|4 aut
|
| 240 |
1 |
0 |
|a American sniper.
|l Česky
|
| 245 |
1 |
0 |
|a Americký sniper
|b autobiografie nejúspěšnějšího odstřelovače amerických dějin : předloha ke stejnojmennému filmu s Bradley Cooperem /
|c Chris Kyle, Scott McEwen a Jim DeFelice ; přeložil Marek Pavka
|
| 264 |
|
1 |
|a Praha :
|b CPress,
|c [2017]
|
| 264 |
|
4 |
|c ©2017
|
| 300 |
|
|
|a 1 audiodisk (11 hod., 5 min.) ;
|c 12 cm
|
| 306 |
|
|
|a 110500
|
| 336 |
|
|
|a mluvené slovo
|b spw
|2 rdacontent
|
| 337 |
|
|
|a audio
|b s
|2 rdamedia
|
| 338 |
|
|
|a audiodisk
|b sd
|2 rdacarrier
|
| 344 |
|
|
|a digital
|b optical
|2 rda
|
| 347 |
|
|
|a audio soubor
|b MP3
|2 rda
|
| 500 |
|
|
|a Název z disku
|
| 511 |
0 |
|
|a Čte Bohdan Tůma a Jitka Moučková
|
| 518 |
|
|
|o Nahráno
|d duben 2017
|p studio Harryton
|
| 600 |
1 |
7 |
|a Kyle, Chris,
|d 1974-2013
|7 hka2012730100
|2 czenas
|
| 610 |
1 |
7 |
|a Spojené státy americké.
|b Navy.
|b SEALs
|7 kn20050506069
|2 czenas
|
| 648 |
|
7 |
|a 20.-21. století
|7 ch462155
|2 czenas
|
| 648 |
|
4 |
|a 1974-2013
|
| 648 |
|
7 |
|a 2003-2011
|7 ch967336
|2 czenas
|
| 650 |
0 |
7 |
|a odstřelovači
|7 ph229509
|z Spojené státy americké
|y 20.-21. století
|2 czenas
|
| 650 |
0 |
7 |
|a vojenští velitelé
|7 ph127214
|z Spojené státy americké
|y 20.-21. století
|2 czenas
|
| 650 |
0 |
7 |
|a vojenské námořnictvo
|7 ph127196
|z Spojené státy americké
|y 20.-21. století
|2 czenas
|
| 650 |
0 |
7 |
|a speciální jednotky (vojenství)
|7 ph125893
|z Spojené státy americké
|y 20.-21. století
|2 czenas
|
| 650 |
0 |
7 |
|a irácká válka (2003-2011)
|7 ph200819
|2 czenas
|
| 655 |
|
7 |
|a autobiografie
|7 fd131855
|2 czenas
|
| 655 |
|
7 |
|a audioknihy
|7 fd119452
|2 czenas
|
| 655 |
|
7 |
|a kompaktní disky
|7 fd201991
|2 czenas
|
| 700 |
1 |
|
|a McEwen, Scott,
|d 1961-
|7 hka2012730106
|4 aut
|
| 700 |
1 |
|
|a DeFelice, Jim,
|d 1956-
|7 xx0011937
|4 aut
|
| 700 |
1 |
|
|a Pavka, Marek,
|d 1975-
|7 js20051024010
|4 trl
|
| 700 |
1 |
|
|a Tůma, Bohdan,
|d 1967-
|7 xx0079034
|4 nrt
|
| 700 |
1 |
|
|a Moučková, Jitka
|7 xx0064162
|4 nrt
|
| 910 |
|
|
|a BOA001
|b CDR-1399.504
|
| 990 |
|
|
|a AV
|
| 991 |
|
|
|b 201801
|c NOV
|
| 996 |
6 |
|
|b 2610727694
|c CDR-1399.504
|l MZK
|r Sklad / do 24 hodin
|n 0
|p p.v.
|w 001643216
|u 000010
|a 1
|e BOA001
|j MZK50
|s P
|